LEADER 00850nam0-2200265---450 001 9911034280103321 005 20251021111536.0 100 $a20251020d1891----km-y0itay50------ba 101 0 $ager 102 $aDE 105 $ay-------001yy 200 1 $aKrystallsysteme und Krystallstructur$fvon Arthur Schoenflies 210 $aLeipzig$cB. G. Teubner$d1891 215 $aXII, 638 p.$d23 cm 610 0 $aCristallografia 676 $a548$v23$zita 700 1$aSchoenflies,$bArthur$02802 801 0$aIT$bUNINA$gREICAT$2UNIMARC 856 4 $zVisualizza la versione elettronica in EROMM$uhttps://archive.org/details/krystallsysteme00schogoog/page/n4/mode/2up$e20251020 901 $aBK 912 $a9911034280103321 952 $aM 2 VII 3$b25793$fNAP14 959 $aNAP14 996 $aKrystallsysteme und Krystallstructur$94446581 997 $aUNINA